| Tag |
First Indicator |
Second Indicator |
Subfields |
| LEADER |
00000cam a2200000 4500 |
| 001 |
in00000322913 |
| 005 |
20151011050556.0 |
| 008 |
750826s1964 gw b b 00010 eng d |
| 010 |
|
|
|a 66003408
|
| 035 |
|
|
|a (OCoLC)01573997
|
| 035 |
|
|
|9 ABK2234AM
|
| 040 |
|
|
|a DLC
|c FTU
|d OCL
|d TXA
|d UtOrBLW
|
| 049 |
|
|
|a TXAM
|c [916594]
|
| 090 |
|
|
|a BX4931.2
|b .O9
|
| 100 |
1 |
|
|a Oyer, John Stanley,
|d 1925-
|
| 245 |
1 |
0 |
|a Lutheran reformers against Anabaptists :
|b Luther, Melanchton, and Menius, and the Anabaptists of central Germany /
|c by John S. Oyer.
|
| 264 |
|
1 |
|a The Hague :
|b M. Nijhoff,
|c 1964.
|
| 300 |
|
|
|a 269 pages :
|b folded map.
|
| 336 |
|
|
|a text
|b txt
|2 rdacontent
|
| 337 |
|
|
|a unmediated
|b n
|2 rdamedia
|
| 338 |
|
|
|a volume
|b nc
|2 rdacarrier
|
| 500 |
|
|
|a Revision of thesis--University of Chicago.
|
| 504 |
|
|
|a Bibliography: pages [253]-260.
|
| 650 |
|
0 |
|a Anabaptists.
|
| 650 |
|
0 |
|a Lutheran Church
|x Relations
|x Anabaptists.
|
| 650 |
|
0 |
|a Anabaptists
|x Relations
|x Lutheran Church.
|
| 650 |
|
0 |
|a Reformation.
|
| 999 |
|
|
|a MARS
|
| 999 |
f |
f |
|s 362e1471-8dd4-3424-817c-e8e75a191620
|i 584c4d45-f4db-3dc9-b3f8-0043772d18a1
|t 0
|
| 952 |
f |
f |
|p normal
|a Texas A&M University
|b College Station
|c Sterling C. Evans Library
|d Evans: Library Stacks
|t 0
|e BX4931.2 .O9
|h Library of Congress classification
|i unmediated -- volume
|m A14801823717
|
| 998 |
f |
f |
|a BX4931.2 .O9
|t 0
|l Evans: Library Stacks
|